GLAYの楽曲全曲 - Statistics

General Stats
  • This quiz has been taken 51 times
  • The average score is 32 of 343
Answer Stats
リリース年 アルバム名 備考 曲名 % Correct
1998 pure soul 誘惑
90%
1997 REVIEW HOWEVER
85%
1997 REVIEW 口唇
60%
1999 HEAVY GAUGE Winter, again
60%
1996 BELOVED BELOVED
55%
1996 BEAT out! グロリアス
50%
1998 pure soul SOUL LOVE
50%
1994 灰とダイヤモンド 彼女の"Modern…"
35%
1999 HEAVY GAUGE SURVIVAL
35%
1994 灰とダイヤモンド 真夏の扉
30%
1994 灰とダイヤモンド 千ノナイフガ胸ヲ刺ス
30%
1996 BEAT out! 生きてく強さ
30%
1999 HEAVY GAUGE BE WITH YOU
30%
1999 HEAVY GAUGE HAPPINESS
30%
1999 HEAVY GAUGE HEAVY GAUGE
30%
1998 pure soul pure soul
30%
1996 BELOVED カナリヤ
25%
1996 BELOVED 春を愛する人
25%
2004 THE FRUSTRATED BEAUTIFUL DREAMER
25%
1995 SPEED POP Freeze My Love
25%
2001 ONE LOVE GLOBAL COMMUNICATION
25%
1995 SPEED POP HAPPY SWING
25%
1995 SPEED POP JUNK ART
25%
1996 BEAT out! Miki Piano
25%
1994 灰とダイヤモンド RAIN
25%
2000 DRIVE SPECIAL THANKS
25%
1995 SPEED POP SPEED POP (Introduction)
25%
1994 灰とダイヤモンド ひどくありふれたホワイトノイズをくれ
20%
1996 BEAT out! 月に祈る
20%
1996 BEAT out! 軌跡の果て
20%
1996 BELOVED カーテンコール
20%
1996 BELOVED 都忘れ
20%
2000 DRIVE とまどい
20%
2009 THE GREAT VACATION VOL.1 ピーク果てしなく ソウル限りなく
20%
2010 GLAY シキナ
20%
2013 JUSTICE 運命論
20%
2014 MUSIC LIFE 疾走れ!ミライ
20%
2017 SUMMERDELICS シン・ゾンビ
20%
2017 SUMMERDELICS シングル別バージョン 彼女はゾンビ
20%
2019 NO DEMOCRACY はじまりのうた
20%
1995 SPEED POP ずっと2人で…
20%
2005 WHITE ROAD Blue Jean
20%
1996 BEAT out! 原色の空〈cloudy sky〉
20%
2001 ONE LOVE Fighting Spirit
20%
1998 pure soul FRIEDCHICKEN & BEER
20%
1994 灰とダイヤモンド KISSIN' NOISE
20%
1994 灰とダイヤモンド LADY CLOSE
20%
2000 DRIVE Missing You
20%
2001 ONE LOVE ONE LOVE ~ALL STANDARD IS YOU reprise~
20%
2010 GLAY Precious
20%
2013 GUILTY Ruby's Blanket
20%
2007 LOVE IS BEAUTIFUL GLAY×EXILE SCREAM
20%
2001 ONE LOVE STAY TUNED
20%
1996 BEAT out! Together
20%
2002 UNITY ROOTS & FAMILY, AWAY Way of Difference
20%
2014 MUSIC LIFE シングルB面 YOU
20%
1998 pure soul ビリビリクラッシュメン
15%
1998 pure soul シングルB面 アイ
15%
1999 HEAVY GAUGE ここではない、どこかへ
15%
1999 HEAVY GAUGE 生きがい
15%
2005 WHITE ROAD 逢いたい気持ち
15%
2005 WHITE ROAD ホワイトロード
15%
2007 LOVE IS BEAUTIFUL 夏音
15%
2009 THE GREAT VACATION VOL.1 鼓動
15%
2009 THE GREAT VACATION VOL.1 シングルB面/セルフカバー 冬のエトランジェ
15%
2009 THE GREAT VACATION VOL.2 おまえと供にある
15%
2013 GUILTY 冬の遊歩道
15%
2013 GUILTY 華よ嵐よ
15%
2014 MUSIC LIFE シングルB面 黒く塗れ!
15%
2019 NO DEMOCRACY 元号
15%
2001 ONE LOVE ALL STANDARD IS YOU
15%
2007 LOVE IS BEAUTIFUL GLAY feat. KYOSUKE HIMURO ANSWER
15%
2021 FREEDOM ONLY BAD APPLE
15%
2013 GUILTY Bible
15%
1994 灰とダイヤモンド BURST
15%
2010 GLAY Chelsea
15%
1998 pure soul COME ON!!
15%
2014 MUSIC LIFE DARK RIVER
15%
2014 MUSIC LIFE シングルトリプルA面 Eternally
15%
2013 GUILTY everKrack
15%
1996 BELOVED Fairy Story
15%
1999 HEAVY GAUGE FATSOUNDS
15%
2017 SUMMERDELICS 微熱Ⓐgirlサマー
15%
1994 灰とダイヤモンド if ~灰とダイヤモンド~
15%
2020 REVIEW II Into the Wild
15%
2013 JUSTICE JUSTICE [FROM] GUILTY
15%
1996 BELOVED Lovers change fighters, cool
15%
2014 MUSIC LIFE MUSIC LIFE
15%
2013 GUILTY My Private "Jealousy"
15%
2020 G4・2020 シングル ROCK ACADEMIA
15%
2017 SUMMERDELICS SUMMERDELICS
15%
2004 THE FRUSTRATED THE FRUSTRATED
15%
2023 HC 2023 episode 1 -THE GHOST/限界突破- シングル両A面 THE GHOST
15%
2000 DRIVE シングルB面 TIME
15%
1998 pure soul YOU MAY DREAM
15%
2019 NO DEMOCRACY シングル両A面 YOUR SONG
15%
1999 HEAVY GAUGE シングルB面 毒ロック
10%
1999 HEAVY GAUGE シングルB面 ストロベリーシェイク
10%
2002 UNITY ROOTS & FAMILY, AWAY またここであいましょう
10%
2003 rare collectives vol.2 いつか
10%
2003 rare collectives vol.2 GALAY名義 道産子シーサー
10%
2004 THE FRUSTRATED 時の雫
10%
2004 THE FRUSTRATED 南東風
10%
2007 LOVE IS BEAUTIFUL シングルB面 誰かの為に生きる
10%
2009 THE GREAT VACATION VOL.1 天使のわけまえ
10%
2010 GLAY 月の夜に
10%
2010 GLAY 風にひとり
10%
2013 GUILTY キリノナカ
10%
2013 GUILTY 初恋を唄え
10%
2013 DIAMOND SKIN/虹のポケット/CRAZY DANCE シングルトリプルA面 虹のポケット
10%
2014 MUSIC LIFE 百花繚乱
10%
2014 MUSIC LIFE シングルトリプルA面 時計
10%
2017 SUMMERDELICS 空が青空であるために
10%
2019 NO DEMOCRACY 戦禍の子
10%
2019 NO DEMOCRACY あなたといきてゆく
10%
2023 HC 2023 episode 1 -THE GHOST/限界突破- シングル両A面 限界突破
10%
2023 HC 2023 episode 1 -THE GHOST/限界突破- シングルB面 海峡の街にて
10%
1998 pure soul 出逢ってしまった2人
10%
1998 pure soul 3年後
10%
1996 BELOVED a Boy ~ずっと忘れない~
10%
1995 SPEED POP シングルB面 ACID HEAD
10%
2004 THE FRUSTRATED ALL I WANT
10%
2010 GLAY Apologize
10%
1996 BEAT out! 週末のBaby talk
10%
1996 BEAT out! シングルB面 Believe in fate
10%
2021 FREEDOM ONLY BETTY BLUE
10%
2014 MUSIC LIFE BLEEZE
10%
2023 HC 2023 episode 2 -GHOST TRACK E.P- Buddy
10%
2004 THE FRUSTRATED coyote, colored darkness
10%
2013 DIAMOND SKIN/虹のポケット/CRAZY DANCE シングルトリプルA面 CRAZY DANCE
10%
1996 BEAT out! シングルB面 Cynical
10%
2013 DIAMOND SKIN/虹のポケット/CRAZY DANCE シングルトリプルA面 DIAMOND SKIN
10%
2020 G4・2020 シングル DOPE
10%
2002 UNITY ROOTS & FAMILY, AWAY Father & Son
10%
1995 SPEED POP シングル両A面 GONE WITH THE WIND
10%
1996 BELOVED GROOVY TOUR
10%
1999 HEAVY GAUGE シングルB面 HELLO MY LIFE
10%
2004 THE FRUSTRATED HIGHCOMMUNICATIONS
10%
1996 BELOVED HIT THE WORLD CHART!
10%
2009 THE GREAT VACATION VOL.1 I am xxx
10%
1998 pure soul I'm in Love
10%
1997 REVIEW シングルB面 I'm yours
10%
1995 SPEED POP INNOCENCE
10%
2019 NO DEMOCRACY JUST FINE
10%
2007 LOVE IS BEAUTIFUL LAYLA
10%
1999 HEAVY GAUGE LEVEL DEVIL
10%
1995 SPEED POP Life ~遠い空の下で~
10%
1998 pure soul シングルB面 Little Lovebirds
10%
1995 SPEED POP LOVE SLAVE
10%
2009 THE GREAT VACATION VOL.1 紅と黒のMATADORA
10%
1998 pure soul May Fair
10%
2001 ONE LOVE MERMAID
10%
1999 HEAVY GAUGE シングルB面/カバー MISERY
10%
1996 BEAT out! More than Love
10%
1996 BELOVED シングルB面 neuromancer
10%
2022 Only One, Only You シングルA面 Only One, Only You
10%
2023 HC 2023 episode 2 -GHOST TRACK E.P- Pianista
10%
1995 SPEED POP REGRET
10%
1996 BELOVED RHAPSODY
10%
2010 GLAY Satellite of love
10%
1999 HEAVY GAUGE Savile Row ~サヴィル ロウ 3番地~
10%
1996 BELOVED SHUTTER SPEEDSのテーマ
10%
2013 JUSTICE SMILE
10%
2009 THE GREAT VACATION VOL.1 SORRY LOVE
10%
1999 HEAVY GAUGE summer FM
10%
2011 Hope and The Silver Sunrise Time for Christmas
10%
1996 BEAT out! Trouble On Monday
10%
1994 灰とダイヤモンド TWO BELL SILENCE
10%
2009 THE GREAT VACATION VOL.1 VERB
10%
2001 ONE LOVE VIVA VIVA VIVA
10%
2010 GLAY WASTED TIME
10%
1999 HEAVY GAUGE Will Be King
10%
1996 BEAT out! Yes, Summerdays
10%
1999 HEAVY GAUGE シングルB面 Young oh! oh!
10%
2002 UNITY ROOTS & FAMILY, AWAY 航海
5%
2005 WHITE ROAD シングルB面 笑顔の多い日ばかりじゃない
5%
2007 LOVE IS BEAUTIFUL
5%
2009 THE GREAT VACATION VOL.1 シングルB面
5%
2011 Hope and The Silver Sunrise 君にあえたら
5%
2014 灰とダイヤモンド Anthology 魔女狩り
5%
2017 SUMMERDELICS 超音速デスティニー
5%
2017 SUMMERDELICS デストピア
5%
2022 Only One, Only You シングルB面 クロムノワール
5%
2007 LOVE IS BEAUTIFUL 100万回のKISS
5%
2003 rare collectives vol.2 17ans
5%
2009 THE GREAT VACATION VOL.1 ASHES -1969-
5%
2001 ONE LOVE Christmas Ring
5%
2019 NO DEMOCRACY COLORS
5%
2004 THE FRUSTRATED 無限のdéjà vuから
5%
2013 GUILTY FACTORY
5%
2022 Only One, Only You シングルB面 GALAXY
5%
2002 UNITY ROOTS & FAMILY, AWAY シングルB面 GIANT STRONG FAUST SUPER STAR
5%
2001 ONE LOVE シングルB面 GOOD MORNING N.Y.C
5%
2017 SUMMERDELICS HEROES
5%
2001 ONE LOVE HIGHWAY NO.5
5%
2021 FREEDOM ONLY Holy Knight
5%
2009 THE GREAT VACATION VOL.1 I LOVE YOUをさがしてる
5%
1999 HEAVY GAUGE シングルB面 It's dying It's not dying
5%
2019 NO DEMOCRACY シングルB面/カバー Joker
5%
2014 MUSIC LIFE 浮気なKISS ME GIRL
5%
2009 THE GREAT VACATION VOL.2 LET ME BE
5%
2013 GUILTY シングルB面 MAD BREAKER
5%
2001 ONE LOVE mister popcorn
5%
2019 NO DEMOCRACY My name is DATURA
5%
2019 NO DEMOCRACY 愁いのPrisoner
5%
2001 ONE LOVE Prize
5%
2009 THE GREAT VACATION VOL.2 REAL SHADOW
5%
2019 NO DEMOCRACY REIWADEMOCRACY
5%
2001 ONE LOVE シングルB面 ROCK ICON
5%
2007 LOVE IS BEAUTIFUL ROCK'N'ROLL SWINDLE
5%
2009 THE GREAT VACATION VOL.1 シングルB面 ROSY
5%
2014 MUSIC LIFE シングルB面 外灘SAPPHIRE
5%
2009 THE GREAT VACATION VOL.1 SAY YOUR DREAM
5%
2017 SUMMERDELICS Scoop
5%
2010 GLAY 汚れなきSEASON
5%
2005 WHITE ROAD つづれ織り ~so far and yet so close~
5%
2004 THE FRUSTRATED STREET LIFE
5%
2001 ONE LOVE シングルB面 Super Ball 425
5%
2017 SUMMERDELICS Supernova Express 2017
5%
2000 DRIVE シングルB面 Surf Rider
5%
2001 ONE LOVE THINK ABOUT MY DAUGHTER
5%
2007 LOVE IS BEAUTIFUL 変な夢 ~THOUSAND DREAMS~
5%
2014 MUSIC LIFE TILL KINGDOM COME
5%
2023 HC 2023 episode 2 -GHOST TRACK E.P- U・TA・KA・TA
5%
2009 THE GREAT VACATION VOL.1 シングルB面 -VENUS
5%
2013 GUILTY シングルB面/カバー 残酷な天使のテーゼ (We ♥ Happy Swing Live ver.)
5%
2001 ONE LOVE WET DREAM
5%
2013 JUSTICE WHO KILLED MY DIVA
5%
2009 THE GREAT VACATION VOL.1 シングルB面/カバー WITH OR WITHOUT YOU
5%
2001 ONE LOVE ひとひらの自由
0%
2001 ONE LOVE 電気イルカ奇妙ナ嗜好
0%
2001 ONE LOVE 君が見つめた海
0%
2001 ONE LOVE 夢遊病
0%
2002 UNITY ROOTS & FAMILY, AWAY ゆるぎない者達
0%
2002 UNITY ROOTS & FAMILY, AWAY 卒業まで、あと少し
0%
2003 rare collectives vol.1 幸せになる、その時に。
0%
2003 rare collectives vol.1 セルフカバー 見つめていたい
0%
2004 THE FRUSTRATED あの夏から一番遠い場所
0%
2004 THE FRUSTRATED シングルB面 そして、これからも
0%
2007 LOVE IS BEAUTIFUL 僕達の勝敗
0%
2007 LOVE IS BEAUTIFUL サラギの灯
0%
2009 THE GREAT VACATION VOL.1 春までは
0%
2009 THE GREAT VACATION VOL.1 いつかの夏に耳をすませば
0%
2009 THE GREAT VACATION VOL.1 リズム
0%
2009 THE GREAT VACATION VOL.2 ごらん、世界は苦しみに満ちているよ。
0%
2010 GLAY 遥か…
0%
2011 rare collectives vol.4 カバー 野ばら
0%
2011 Hope and The Silver Sunrise カイエ
0%
2013 JUSTICE 真昼の月の静けさに
0%
2013 JUSTICE 傷だらけの太陽
0%
2013 GUILTY シングルB面 あの日の少年
0%
2014 MUSIC LIFE 祭りのあと
0%
2014 MUSIC LIFE 妄想コレクター
0%
2014 MUSIC LIFE ボーナスCD さくらびと
0%
2015 SPEED POP Anthology 心に雨が
0%
2017 SUMMERDELICS ロングラン
0%
2017 SUMMERDELICS 聖者のいない町
0%
2019 NO DEMOCRACY 反省ノ色ナシ
0%
2019 NO DEMOCRACY 氷の翼
0%
2019 NO DEMOCRACY 誰もが特別だった頃
0%
2019 NO DEMOCRACY あゝ、無常
0%
2021 FREEDOM ONLY 永遠を名乗る一秒
0%
2021 FREEDOM ONLY 漂えど沈まず
0%
2021 FREEDOM ONLY 青春は残酷だ
0%
2021 FREEDOM ONLY 祝祭
0%
2021 FREEDOM ONLY 桜めぐり
0%
2023 HC 2023 episode 2 -GHOST TRACK E.P- 刻は波のように
0%
2003 rare collectives vol.2 17bars (Instrumental)
0%
2009 THE GREAT VACATION VOL.2 1988
0%
2013 JUSTICE シングルB面 4 ROSES
0%
2009 THE GREAT VACATION VOL.2 Absolute "ZERO"
0%
2007 LOVE IS BEAUTIFUL AMERICAN INNOVATION
0%
2001 ONE LOVE シングルB面 BACK-UP
0%
2004 THE FRUSTRATED Billionaire Champagne Miles Away
0%
2009 THE GREAT VACATION VOL.2 BLACK EYES SHE HAD
0%
2020 REVIEW II BLACK MONEY
0%
2004 THE FRUSTRATED BLAST
0%
2005 WHITE ROAD シングルB面 BROTHEL CREEPERS
0%
2004 THE FRUSTRATED BUGS IN MY HEAD
0%
2009 THE GREAT VACATION VOL.1 Burning Chrome
0%
2004 THE FRUSTRATED シングルB面 CHILDREN IN THE WAR
0%
2009 THE GREAT VACATION VOL.1 シングルB面 chronos
0%
2011 rare collectives vol.4 カバー Don't Look Back In Anger
0%
2009 THE GREAT VACATION VOL.2 FAME IS DEAD
0%
2019 NO DEMOCRACY Flowers Gone
0%
2021 FREEDOM ONLY FRIED GREEN TOMATOES
0%
2002 UNITY ROOTS & FAMILY, AWAY Friend of mine
0%
2013 JUSTICE gestalt
0%
2023 HC 2023 episode 2 -GHOST TRACK E.P- Ghost of GLAY 愛のテーマ
0%
2002 UNITY ROOTS & FAMILY, AWAY girlish MOON
0%
2000 DRIVE シングルB面 Good Bye Bye Sunday
0%
2021 FREEDOM ONLY シングルB面 シューゲイザー(Gray Crow Mix)
0%
2009 THE GREAT VACATION VOL.2 GREAT VACATION
0%
2010 GLAY シングルB面 HEART SNOW ~心に降る雪~
0%
2002 UNITY ROOTS & FAMILY, AWAY 彼らのHOLY X'MAS
0%
2014 MUSIC LIFE Hospital pm9
0%
2020 G4・2020 シングル 流星のHowl
0%
2021 FREEDOM ONLY Hypersonic
0%
2020 REVIEW II I'm loving you
0%
2007 LOVE IS BEAUTIFUL I will ~
0%
2002 UNITY ROOTS & FAMILY, AWAY 夏の彼方へ (Johnny the unity mix)
0%
2014 灰とダイヤモンド Anthology JULIA
0%
2001 ONE LOVE 嫉妬 (KURID/PHANTOM mix)
0%
2009 THE GREAT VACATION VOL.1 laotour ~震える拳が掴むもの~
0%
2005 WHITE ROAD シングルB面 すべて、愛だった -Lavie d'une petite fille-
0%
2017 SUMMERDELICS lifetime
0%
2007 LOVE IS BEAUTIFUL シングルB面 Lock on you
0%
2007 LOVE IS BEAUTIFUL シングルB面 LONE WOLF
0%
2013 JUSTICE LOVE IMPOSSIBLE
0%
2013 JUSTICE シングルB面 MILESTONE ~胸いっぱいの憂鬱~
0%
2007 LOVE IS BEAUTIFUL MIRROR
0%
2015 SPEED POP Anthology MOON GOLD
0%
2009 THE GREAT VACATION VOL.1 シングルB面/カバー MOTHER NATURE'S SON
0%
2002 UNITY ROOTS & FAMILY, AWAY neverland
0%
2009 THE GREAT VACATION VOL.1 NO ESCAPE
0%
2014 MUSIC LIFE Only Yesterday
0%
2013 JUSTICE PARADISE LOST
0%
2009 THE GREAT VACATION VOL.2 RainbirD
0%
2013 GUILTY Red moon & Silver sun
0%
2013 JUSTICE ROUTE 5 BAYSHORE LINE
0%
2009 THE GREAT VACATION VOL.2 RUCA
0%
2009 THE GREAT VACATION VOL.1 RUN
0%
2004 THE FRUSTRATED Runaway Runaway
0%
2023 HC 2023 episode 2 -GHOST TRACK E.P- SEVEN DAYS FANTASY
0%
2021 FREEDOM ONLY シングルB面 SHINING MAN
0%
2013 GUILTY シングルB面 Snow Flake
0%
2009 THE GREAT VACATION VOL.1 シングルB面 STARLESS NIGHT
0%
2009 THE GREAT VACATION VOL.1 シングルB面/カバー SUFFRAGETTE CITY
0%
2011 Hope and The Silver Sunrise SWEET MAGIC
0%
2009 THE GREAT VACATION VOL.1 Synchronicity
0%
2014 灰とダイヤモンド Anthology TEARS SONG
0%
2010 GLAY 台湾盤ボーナストラック Thank you for your love
0%
2009 THE GREAT VACATION VOL.1 THE BIRTHDAY GIRL
0%
2009 THE GREAT VACATION VOL.1 シングルB面/カバー THE MEANING OF LIFE
0%
2017 SUMMERDELICS the other end of the globe
0%
2021 FREEDOM ONLY Tiny Soldier
0%
2009 THE GREAT VACATION VOL.2 Tokyo vice terror
0%
2002 UNITY ROOTS & FAMILY, AWAY WE ALL FEEL HIS STRENGTH OF TENDER
0%
2022 Only One, Only You シングルB面 WE♡HAPPY SWING
0%
2000 DRIVE シングルB面 WHY DON'T WE MAKE YOU HAPPY
0%
2021 FREEDOM ONLY Winter Moon Winter Stars
0%
2007 LOVE IS BEAUTIFUL WORLD'S END
0%
2017 SUMMERDELICS XYZ
0%
No matching quizzes found
Score Distribution
Percent of People with Each Score
Percentile by Number Answered
Your Score History
You have not taken this quiz